Address by President Gamal Abdel Nasser at the great popular rally, (Record no. 49613)

MARC details
000 -LEADER
fixed length control field 00815cam a22002291 4500
001 - CONTROL NUMBER
control field ne 67000967
003 - CONTROL NUMBER IDENTIFIER
control field DLC
005 - DATE AND TIME OF LATEST TRANSACTION
control field 20260227111832.0
008 - FIXED-LENGTH DATA ELEMENTS--GENERAL INFORMATION
fixed length control field 761117s1966 ua 000 0 eng
010 ## - LIBRARY OF CONGRESS CONTROL NUMBER
LC control number ne 67000967
035 ## - SYSTEM CONTROL NUMBER
System control number (OCoLC)2563498
040 ## - CATALOGING SOURCE
Original cataloging agency DLC
Transcribing agency TxU
Modifying agency TxU
-- OCoLC
-- DLC
042 ## - AUTHENTICATION CODE
Authentication code premarc
050 00 - LIBRARY OF CONGRESS CALL NUMBER
Classification number DT107.83
Item number .N31844
082 ## - DEWEY DECIMAL CLASSIFICATION NUMBER
Classification number 320.9/62
100 1# - MAIN ENTRY--PERSONAL NAME
Personal name Nasser, Gamal Abdel,
Dates associated with a name 1918-1970.
245 10 - TITLE STATEMENT
Title Address by President Gamal Abdel Nasser at the great popular rally,
Statement of responsibility, etc. held by the Arab Socialist Union in celebration of the anniversary of Unity Day, Cairo, February 22, 1966.
260 ## - PUBLICATION, DISTRIBUTION, ETC.
Place of publication, distribution, etc. [Cairo,
Date of publication, distribution, etc. National Publication House,
-- 1966]
300 ## - PHYSICAL DESCRIPTION
Extent 40 p.
Dimensions 19 cm.
651 #0 - SUBJECT ADDED ENTRY--GEOGRAPHIC NAME
Geographic name Egypt
General subdivision Politics and government
Chronological subdivision 1952-1970.
710 2# - ADDED ENTRY--CORPORATE NAME
Corporate name or jurisdiction name as entry element Ittiḥād al-Ishtirākī al-ʻArabī (Egypt)

No items available.

Powered by Koha